Dr. A.Q. Khan on science and education / (Record no. 529211)

000 -LEADER
fixed length control field 01427nam a2200397 a 4500
001 - CONTROL NUMBER
control field 4031095
003 - CONTROL NUMBER IDENTIFIER
control field NUST
005 - DATE AND TIME OF LATEST TRANSACTION
control field 20190923102619.0
008 - FIXED-LENGTH DATA ELEMENTS--GENERAL INFORMATION
fixed length control field 980305s1997 pk a 001 0 eng
010 ## - LIBRARY OF CONGRESS CONTROL NUMBER
LC control number 97930620
020 ## - INTERNATIONAL STANDARD BOOK NUMBER
International Standard Book Number 9693508211
025 ## - OVERSEAS ACQUISITION NUMBER
Overseas acquisition number P-E-97930620; 19; 20
038 ## - RECORD CONTENT LICENSOR
Staff Name MSOHAIL
040 M# - CATALOGING SOURCE
Original cataloging agency DLC
Transcribing agency DLC
042 ## - AUTHENTICATION CODE
Authentication code lcode
043 ## - GEOGRAPHIC AREA CODE
Geographic area code a-pk---
050 00 - LIBRARY OF CONGRESS CALL NUMBER
Classification number Q127.P26
Item number K47 1997
082 00 - DEWEY DECIMAL CLASSIFICATION NUMBER
Classification number 954.91 KHA
100 1# - MAIN ENTRY--PERSONAL NAME
Personal name Khan, A. Q.
Fuller form of name (Abdul Qadeer),
Dates associated with a name 1936-
9 (RLIN) 6520
245 10 - TITLE STATEMENT
Title Dr. A.Q. Khan on science and education /
Statement of responsibility, etc. editors, S. Shabbir Hussain, Mujahid Kamran.
260 ## - PUBLICATION, DISTRIBUTION, ETC.
Place of publication, distribution, etc. Lahore :
Name of publisher, distributor, etc. Sang-e-Meel Publications,
Date of publication, distribution, etc. 1997.
300 ## - PHYSICAL DESCRIPTION
Extent 267 p. :
Other physical details chiefly col. ill. ;
Dimensions 23 cm.
500 ## - GENERAL NOTE
General note Includes index.
650 #0 - SUBJECT ADDED ENTRY--TOPICAL TERM
Topical term or geographic name entry element Science
Geographic subdivision Pakistan.
9 (RLIN) 21057
650 #0 - SUBJECT ADDED ENTRY--TOPICAL TERM
Topical term or geographic name entry element Technology
Geographic subdivision Pakistan.
9 (RLIN) 21058
650 #0 - SUBJECT ADDED ENTRY--TOPICAL TERM
Topical term or geographic name entry element Nuclear energy
Geographic subdivision Pakistan.
9 (RLIN) 21059
650 #0 - SUBJECT ADDED ENTRY--TOPICAL TERM
Topical term or geographic name entry element Science
General subdivision Study and teaching
Geographic subdivision Pakistan.
9 (RLIN) 21060
650 #0 - SUBJECT ADDED ENTRY--TOPICAL TERM
Topical term or geographic name entry element Technology
General subdivision Study and teaching
Geographic subdivision Pakistan.
9 (RLIN) 21061
650 #0 - SUBJECT ADDED ENTRY--TOPICAL TERM
Topical term or geographic name entry element Nuclear weapons.
9 (RLIN) 13005
700 1# - ADDED ENTRY--PERSONAL NAME
Personal name Hussain, Syed Shabbir.
9 (RLIN) 21062
700 1# - ADDED ENTRY--PERSONAL NAME
Personal name Kamran, Mujahid.
9 (RLIN) 11305
856 ## - ELECTRONIC LOCATION AND ACCESS
Uniform Resource Identifier <a href="http://www.amazon.com/Dr-Q-Khan-Science-Education/dp/9693508211/ref=sr_1_1?s=books&ie=UTF8&qid=1455004955&sr=1-1&keywords=9693508211">http://www.amazon.com/Dr-Q-Khan-Science-Education/dp/9693508211/ref=sr_1_1?s=books&ie=UTF8&qid=1455004955&sr=1-1&keywords=9693508211</a>
906 ## - LOCAL DATA ELEMENT F, LDF (RLIN)
a 7
b cbc
c origode
d 3
e ncip
f 19
g y-gencatlg
942 ## - ADDED ENTRY ELEMENTS (KOHA)
Source of classification or shelving scheme
Koha item type Book
Holdings
Withdrawn status Lost status Source of classification or shelving scheme Damaged status Not for loan Permanent Location Current Location Date acquired Total Checkouts Full call number Barcode Date last seen Price effective from Koha item type
          School of Civil and Environmental Engineering (SCEE) School of Civil and Environmental Engineering (SCEE) 09/23/2019   954.91 KHA NIT-10764 09/23/2019 09/23/2019 Book
© 2023 Central Library, National University of Sciences and Technology. All Rights Reserved.